000 00624nam a2200193Ia 4500
005 20250508160219.0
008 008 250505s9999 xx 000 0 eng d
037 _aBooks to be hide in OPAC
040 _aFEDL
_beng
_cFEDL
041 _aeng
_2eng
084 _a371, ENG/O
_qFEDL
245 0 _aMemoranda on promotion in elementary schools in London
245 0 _cBoard of Education
260 _aLondon, UK
_bHis Majesty's Stationery Office
_c1919
300 _a42p.
546 _aEducational pamphlets, No. 35.; Elementary school series, No. 1.
942 _cHB
_h371, ENG/O
999 _c1362721
_d1362721